Enterpreneurial Method

Podniková metóda je najbežnejšie používanou metódou pri určovaní hodnoty podniku alebo jeho časti, najmä ak podnikateľ potrebuje poznať hodnotu podniku na predaj. Výhodou tejto metódy je, že zohľadňuje ziskový potenciál spoločnosti a je menej náročná na prácu v porovnaní s metódou vlastného imania....

Descripción completa

Guardado en:
Detalles Bibliográficos
Autor principal: Kudlová, Zuzana, 1986-
Formato: Capítulo de libro
Lenguaje:inglés
Materias:
Etiquetas: Agregar Etiqueta
Sin Etiquetas, Sea el primero en etiquetar este registro!

MARC

LEADER 00000naa$a2200000$$$4500
001 0267924
005 20240502074213.9
041 0 |a eng 
044 |a SK 
245 1 0 |a Enterpreneurial Method  |c Zuzana Kudlová 
520 |a Podniková metóda je najbežnejšie používanou metódou pri určovaní hodnoty podniku alebo jeho časti, najmä ak podnikateľ potrebuje poznať hodnotu podniku na predaj. Výhodou tejto metódy je, že zohľadňuje ziskový potenciál spoločnosti a je menej náročná na prácu v porovnaní s metódou vlastného imania. Na druhej strane môže byť nevýhodou, že podnikateľ získava informácie o hodnote spoločnosti ako celku bez znalosti hodnoty jednotlivých zložiek majetku a záväzkov. 
610 2 0 |a podnik 
610 2 0 |a hodnota podniku 
610 2 0 |a plán finančný 
610 2 0 |a metódy 
100 1 |a Kudlová, Zuzana, 1986-